00566 2200157 4500001002100000005001500021035002000036007000300056008004100059082000800100084001400108100004800122245013300170260006600303300003900369INLIS00000000000032420240118091629 a0010-0124000007ta240118 g 0 ind  a631 a631 BAD r0 aBadan Penelitian dan Pengembangan Pertanian1 aRencana Trategis Badan Penelitian dan Pengembangan Pertanian :btahun 2010 - 2014 /cBadan Penelitian dan Pengembangan Pertanian aJakarta :bBadan Penelitian dan Pengembangan Pertanian,c2010 a129 hlm, :bilus, ;c15 cm x 21 cm